Zasnežená Covent Garden

Gespeichert in:
Bibliographische Detailangaben
1. Verfasser: Wake, Jules
Weitere Verfasser: Šajgalíková, Helena
Format: Buch
Sprache:Slowakisch
Veröffentlicht: Bratislava AKTUELL 2021
Ausgabe:1. vydanie
Schlagworte:
Tags: Tag hinzufügen
Keine Tags, Fügen Sie das erste Tag hinzu!

MARC

LEADER 00000nam a2200000 4500
001 0280039
005 20240502074337.8
020 |a 978-80-89873-36-4 
041 0 |a slo 
044 |a SK 
245 1 0 |a Zasnežená Covent Garden  |c Jules Wake ; preklad: Helena Šajgalíková 
250 |a 1. vydanie 
264 1 |a Bratislava  |b AKTUELL  |c 2021 
300 |a [376 s.] [15,1 AH] 
610 2 0 |a jazyky cudzie 
610 2 0 |a preklady 
610 2 0 |a literatúra 
100 1 |a Wake, Jules 
700 1 |a Šajgalíková, Helena